Music Quiz

Random Music or Song Quiz
Score 0/44 Timer 12:00
3 Plays Today
Artist Song % Correct
Bruce SpringsteenBorn in the U.S.A.
75.3%
Cyndi LauperGirls Just Want to Have Fun
74.2%
Van HalenJump
74.1%
The B-52'sLove Shack
73.1%
Michael JacksonBeat It
67%
PrincePurple Rain
65.9%
Joan JettI Love Rock 'n' Roll
63.5%
Bobby McFerrinDon't Worry Be Happy
62.8%
Guns N' RosesSweet Child o' Mine
60.8%
The PoliceEvery Breath You Take
59.7%
George MichaelFaith
57.4%
USA for AfricaWe Are the World
56.6%
Pink FloydAnother Brick in the Wall (Part 2)
55.5%
John Cougar (Mellencamp)Jack and Diane
55.4%
The Beastie Boys(You Gotta) Fight for Your Right (to Party)
52.8%
Tom PettyFree Fallin'
50.7%
Dolly Parton9 to 5
48.7%
Kim CarnesBette Davis Eyes
47.2%
BlondieHeart of Glass
45.4%
Bette MidlerWind Beneath My Wings
45.4%
Kool & The GangCelebration
43.3%
Tina TurnerWhat's Love Got to Do With It
41%
Artist Song % Correct
Prince1999
39.1%
Sugarhill GangRapper's Delight
37.8%
Irene CaraFlashdance - What A Feeling!
37.1%
Talking HeadsBurning Down the House
36.7%
MadonnaMaterial Girl
35.6%
The Go-Go'sWe Got the Beat
34.9%
Paul SimonGraceland
34.6%
Joe Cocker & Jennifer WarnesUp Where We Belong
30.7%
Dionne Warwick & FriendsThat's What Friends Are For
30.5%
Grandmaster Flash & The Furious FiveThe Message
29%
Public EnemyFight the Power
28.2%
Bob SegerOld Time Rock & Roll
27.5%
U2I Still Haven't Found What I'm Looking For
27.5%
Steve WinwoodHigher Love
25.5%
Willie NelsonOn the Road Again
23.1%
The Pointer SistersI'm So Excited
22.5%
Herbie HancockRockit
21.1%
Hank Williams Jr.All My Rowdy Friends Are Coming Over Tonight
17.5%
George JonesHe Stopped Loving Her Today
9%
The JuddsMama He's Crazy
6.8%
Amy GrantEl Shaddai
3.8%
AlabamaMy Home's in Alabama
2.5%

You're not logged in!

Compare scores with friends on all Sporcle quizzes.
OR
Log In

Sporcle TV

Today on Sporcle TV


Watch our educational content, quiz creation guides, and fun videos on Sporcle TV.

Show Comments

Extras

Top Quizzes Today


Score Distribution

Paid Content

Your Account Isn't Verified!

In order to create a playlist on Sporcle, you need to verify the email address you used during registration. Go to your Sporcle Settings to finish the process.

Report this User

Report this user for behavior that violates our Community Guidelines.

Details: